[Event "SV Unser Fritz 1 - SG Höntrop 1"]
[Site "Verbandsklasse - Gr. 3 2019/2"]
[Date "2020.03.01"]
[Round "7.8"]
[White "Koch, Till"]
[Black "Weyers, Lothar"]
[Result "1-0"]
[WhiteElo "1752"]
[BlackElo "1490"]
[Annotator "Daniel"]
[PlyCount "107"]
[EventDate "2020.??.??"]
[WhiteTeam "SV Unser Fritz 1"]
[BlackTeam "SG Höntrop 1"]

1. e4 c5 2. c3 Nc6 3. d4 cxd4 4. cxd4 e6 5. d5 Ne5 6. Nc3 a6 7. Be3 Nf6 8. Be2
b5 9. Nf3 Nxf3+ 10. Bxf3 e5 11. a3 d6 12. O-O Be7 13. Na2 O-O 14. Nb4 Bb7 15.
Rc1 Rc8 16. Nc6 Bxc6 17. dxc6 Qc7 $11 18. Qb3 h6 19. Rfd1 Ra8 20. Qd3 Rfc8 21.
b4 Rcb8 22. Qb3 Rd8 23. a4 Rdb8 24. a5 Rc8 25. Bb6 Qb8 26. c7 Qb7 27. Qe3 g5
28. g3 Kg7 29. Bg2 Kg6 30. f4 gxf4 31. gxf4 Rg8 32. Rd2 Kh7 33. Kh1 Rg6 34.
Rdc2 Rc8 35. Bf3 Ng4 36. Qe2 Nf6 37. Rg1 Rxg1+ 38. Kxg1 Rg8+ 39. Kh1 Qc8 40.
Rc1 Qb7 41. Qc2 Qc8 42. Rg1 Rf8 43. Qg2 Rg8 44. Qxg8+ Nxg8 45. Bg4 Qb7 46. Bf5+
Kh8 47. c8=Q Qxc8 48. Bxc8 exf4 49. Bxa6 d5 50. exd5 Bxb4 51. Bxb5 Ne7 52. Bd4+
Kh7 53. Bd3+ Ng6 54. a6 1-0

[Event "SC Doppelbauer Brambauer 1 - SV Rot-Wei"]
[Site "Verbandsklasse - Gr. 3 2019/2"]
[Date "2020.03.01"]
[Round "7.1"]
[White "Praß, Marian"]
[Black "Koth, Stefan"]
[Result "1-0"]
[WhiteElo "2018"]
[BlackElo "2073"]
[PlyCount "65"]
[EventDate "2020.??.??"]
[WhiteTeam "SV Rot-Weiß-Altenessen 1"]
[BlackTeam "SC Doppelbauer Brambauer 1"]

1. c4 c5 2. Nc3 Nc6 3. Nf3 Nf6 4. g3 e6 5. d4 cxd4 6. Nxd4 a6 7. Bg2 Qc7 8. O-O
h5 9. Bg5 Bc5 10. Bxf6 gxf6 11. Nxc6 dxc6 12. Na4 Be7 13. Qb3 Bd7 14. Nb6 Rd8
15. h4 Bc5 16. Na4 Be7 17. Nb6 Rg8 18. Rfd1 Bc5 19. Nxd7 Rxd7 20. Rxd7 Kxd7 21.
Rd1+ Ke7 22. Kf1 f5 23. e3 Bd6 24. Bf3 Rb8 25. Qc2 Kf6 26. c5 Be5 27. Rd3 Qa5
28. a3 Qb5 29. Be2 Kg6 30. Rb3 Qa5 31. Rd3 Qb5 32. b4 a5 33. Rd7 1-0

[Event "SC Doppelbauer Brambauer 1 - SV Rot-Wei"]
[Site "Verbandsklasse - Gr. 3 2019/2"]
[Date "2020.03.01"]
[Round "7.2"]
[White "Remmler, Volker"]
[Black "Rohloff, Markus"]
[Result "1/2-1/2"]
[WhiteElo "2031"]
[BlackElo "1872"]
[PlyCount "33"]
[EventDate "2020.??.??"]
[WhiteTeam "SC Doppelbauer Brambauer 1"]
[BlackTeam "SV Rot-Weiß-Altenessen 1"]

1. c4 Nf6 2. Nc3 g6 3. g3 Bg7 4. Bg2 c6 5. e4 d6 6. Nge2 O-O 7. O-O e5 8. d3
Na6 9. h3 Bd7 10. Be3 c5 11. f4 Qc8 12. fxe5 dxe5 13. Bg5 Qc6 14. Qd2 Nc7 15.
Rf2 Qd6 16. Raf1 Nfe8 17. Be3 1/2-1/2

[Event "SC Doppelbauer Brambauer 1 - SV Rot-Wei"]
[Site "Verbandsklasse - Gr. 3 2019/2"]
[Date "2020.03.01"]
[Round "7.3"]
[White "Birdaini, Becir"]
[Black "Schulz, Hartmut"]
[Result "1/2-1/2"]
[WhiteElo "2000"]
[BlackElo "2035"]
[Annotator "Daniel"]
[PlyCount "147"]
[EventDate "2020.??.??"]
[WhiteTeam "SV Rot-Weiß-Altenessen 1"]
[BlackTeam "SC Doppelbauer Brambauer 1"]

1. e4 c6 2. d4 d5 3. exd5 cxd5 4. Bd3 Nc6 5. c3 Qc7 6. Nf3 Bg4 7. h3 Bh5 8. O-O
e6 9. Re1 Bd6 10. Nbd2 Nge7 11. Qc2 Bg6 12. Bxg6 Nxg6 13. Nf1 O-O 14. Be3 Na5
15. Rad1 b5 16. a3 Nc4 17. Bc1 a5 18. Ne3 Nxe3 19. Bxe3 b4 20. axb4 axb4 21.
Rc1 bxc3 22. bxc3 Rfc8 23. h4 Ba3 24. Ra1 Bd6 25. h5 Rxa1 26. Rxa1 Nf8 27. Bd2
Bf4 28. Rc1 Nd7 29. Qd3 h6 30. Qa6 $11 Bxd2 31. Nxd2 Rb8 32. g3 Nf6 33. Qd3
Nxh5 34. c4 dxc4 35. Qxc4 Qxc4 36. Rxc4 Nf6 37. Rc2 Rd8 38. Nf3 Ne4 39. Kf1 g5
40. Rc7 f6 41. g4 Nd6 42. Re7 Re8 43. Rd7 Nf7 44. Ke2 Kg7 45. Ke3 Kg6 46. Nd2
f5 47. f3 Rd8 48. Rc7 Nd6 49. Rc6 Kf6 50. Nb3 Nb5 51. gxf5 Kxf5 52. Rc5+ Rd5
53. Rc8 Nd6 54. Rc6 Kf6 55. Kd3 Nf5 56. Rb6 h5 57. Rb8 h4 58. Rh8 Kg7 59. Rc8
Nxd4 60. Nxd4 e5 61. Ke4 Rxd4+ 62. Kf5 Rf4+ 63. Kxg5 h3 64. Rc2 Rxf3 65. Kg4
Rf4+ 66. Kxh3 Kf6 67. Kg3 Kf5 68. Ra2 Rb4 69. Kf3 Rb3+ 70. Ke2 Rh3 71. Ra4 Rh2+
72. Ke3 Rh3+ 73. Ke2 e4 74. Ra8 1/2-1/2

[Event "SC Doppelbauer Brambauer 1 - SV Rot-Wei"]
[Site "Verbandsklasse - Gr. 3 2019/2"]
[Date "2020.03.01"]
[Round "7.4"]
[White "Bracht, Michael"]
[Black "Kordonowski, Frank"]
[Result "0-1"]
[WhiteElo "1922"]
[BlackElo "1959"]
[PlyCount "52"]
[EventDate "2020.??.??"]
[WhiteTeam "SC Doppelbauer Brambauer 1"]
[BlackTeam "SV Rot-Weiß-Altenessen 1"]

1. d4 d5 2. Nf3 e6 3. e3 Nf6 4. Nbd2 b6 5. c3 Bd6 6. Bd3 Bb7 7. Qe2 Ne4 8. Nf1
O-O 9. Ng3 a5 10. Nd2 f5 11. Ndf1 Nd7 12. f3 Nef6 13. Bd2 c5 14. Rg1 g6 15.
O-O-O e5 16. Nh1 e4 17. Bb5 Qc7 18. h3 f4 19. Kb1 Rae8 20. exf4 Bxf4 21. Bxf4
Qxf4 22. fxe4 Nxe4 23. Qc2 Re7 24. Bxd7 Rxd7 25. Nd2 Ba6 26. Ka1 cxd4 0-1

[Event "SC Doppelbauer Brambauer 1 - SV Rot-Wei"]
[Site "Verbandsklasse - Gr. 3 2019/2"]
[Date "2020.03.01"]
[Round "7.5"]
[White "Cavasin, Joerg"]
[Black "Zimmermann, Dirk"]
[Result "0-1"]
[WhiteElo "1913"]
[BlackElo "1846"]
[PlyCount "80"]
[EventDate "2020.??.??"]
[WhiteTeam "SV Rot-Weiß-Altenessen 1"]
[BlackTeam "SC Doppelbauer Brambauer 1"]

1. c4 e5 2. Nc3 Nc6 3. Nf3 Nf6 4. g3 Bb4 5. Qb3 a5 6. Bg2 O-O 7. O-O d6 8. e3
Bxc3 9. Qxc3 Bf5 10. d3 h6 11. Nh4 Bg4 12. h3 Bd7 13. Nf3 Qe7 14. Ne1 Nh7 15.
d4 f5 16. d5 Nd8 17. f4 Nf7 18. Kh2 b6 19. b3 Nf6 20. Bb2 Rae8 21. Nc2 h5 22.
Bf3 Rc8 23. Rg1 c6 24. dxc6 Bxc6 25. Bxc6 Rxc6 26. Qd3 Qe6 27. Raf1 Nh6 28. Ne1
Re8 29. Rg2 Rc7 30. Qd1 Rd7 31. Nf3 Nf7 32. Ng5 Nxg5 33. fxg5 Ne4 34. Qxh5 g6
35. Qf3 Nxg5 36. Qc6 Nxh3 37. Rd2 Ng5 38. Kg2 Ne4 39. Rd5 Nf6 40. Qxb6 Nxd5 0-1

[Event "SC Doppelbauer Brambauer 1 - SV Rot-Wei"]
[Site "Verbandsklasse - Gr. 3 2019/2"]
[Date "2020.03.01"]
[Round "7.6"]
[White "Jochmann, Christian"]
[Black "Metzner, Carsten"]
[Result "1-0"]
[WhiteElo "1844"]
[BlackElo "1771"]
[PlyCount "97"]
[EventDate "2020.??.??"]
[WhiteTeam "SC Doppelbauer Brambauer 1"]
[BlackTeam "SV Rot-Weiß-Altenessen 1"]

1. e4 e5 2. Nf3 Nc6 3. Bb5 a6 4. Ba4 b5 5. Bb3 Bc5 6. c3 Nf6 7. d3 O-O 8. Bg5
h6 9. Bh4 Be7 10. O-O Nh5 11. Bxe7 Qxe7 12. d4 d6 13. Bd5 Bd7 14. Nxe5 dxe5 15.
Qxh5 Rad8 16. dxe5 Nxe5 17. Qe2 b4 18. Rd1 Bb5 19. Qe3 c6 20. Bb3 Nc4 21. Qc1
Rxd1+ 22. Bxd1 Qxe4 23. Bc2 Qe2 24. cxb4 Re8 25. Nc3 Qe5 26. a4 Nxb2 27. axb5
axb5 28. h3 Nc4 29. Bb3 Rd8 30. Qe1 Qf6 31. Rd1 Ra8 32. Ne4 Qe5 33. Nc3 Qf6 34.
Ne4 Qe5 35. f3 Re8 36. Qc3 Qxc3 37. Nxc3 Re3 38. Bxc4 bxc4 39. Rc1 f5 40. Kf2
Re7 41. Ne2 Ra7 42. Rxc4 Ra4 43. Nc3 Ra6 44. Ke3 Kf7 45. Ne2 Ke6 46. Nd4+ Kd7
47. Nxc6 Rxc6 48. Rxc6 Kxc6 49. Kf4 1-0

[Event "SC Doppelbauer Brambauer 1 - SV Rot-Wei"]
[Site "Verbandsklasse - Gr. 3 2019/2"]
[Date "2020.03.01"]
[Round "7.7"]
[White "Drawe, Thomas"]
[Black "Deckert, Frank"]
[Result "1/2-1/2"]
[WhiteElo "1836"]
[BlackElo "1837"]
[PlyCount "46"]
[EventDate "2020.??.??"]
[WhiteTeam "SV Rot-Weiß-Altenessen 1"]
[BlackTeam "SC Doppelbauer Brambauer 1"]

1. c4 Nf6 2. g3 e6 3. Bg2 d5 4. Nf3 Be7 5. O-O O-O 6. b3 b6 7. d4 c5 8. e3 Ba6
9. Ne5 Qc7 10. Re1 Bb7 11. Nd2 Nc6 12. Nxc6 Bxc6 13. Bb2 Rfd8 14. Rc1 Qb7 15.
Qe2 Rac8 16. Red1 Qb8 17. h4 cxd4 18. exd4 Bb7 19. cxd5 Nxd5 20. Nc4 Rc7 21.
Ne5 Rdc8 22. Rxc7 Rxc7 23. Rc1 Rxc1+ 1/2-1/2

[Event "SC Doppelbauer Brambauer 1 - SV Rot-Wei"]
[Site "Verbandsklasse - Gr. 3 2019/2"]
[Date "2020.03.01"]
[Round "7.8"]
[White "Rips, Frank"]
[Black "Praßer, Peter"]
[Result "1-0"]
[WhiteElo "1818"]
[BlackElo "1663"]
[PlyCount "77"]
[EventDate "2020.??.??"]
[WhiteTeam "SC Doppelbauer Brambauer 1"]
[BlackTeam "SV Rot-Weiß-Altenessen 1"]

1. e4 g6 2. d4 Bg7 3. Nf3 e6 4. Bd3 Ne7 5. c3 d6 6. Be3 Nd7 7. Nbd2 b6 8. h4 h5
9. Ng5 e5 10. Qb3 O-O 11. Bc4 Qe8 12. Ndf3 c5 13. dxe5 Nxe5 14. Nxe5 dxe5 15.
Rd1 Nc6 16. Bd5 Na5 17. Qc2 Bb7 18. Qe2 Rd8 19. b4 cxb4 20. cxb4 Nc6 21. g4
hxg4 22. Qxg4 Bc8 23. Qf3 Nxb4 24. Bxf7+ Rxf7 25. Rxd8 Nc2+ 26. Kf1 Nxe3+ 27.
Kg1 Qxd8 28. Qxf7+ Kh8 29. fxe3 Qd1+ 30. Kf2 Qd6 31. Qe8+ Qf8+ 32. Qxf8+ Bxf8
33. Rc1 Bc5 34. Rd1 Be7 35. Rd5 Bf6 36. Rd6 Kg7 37. Rc6 Bg4 38. Rc7+ Kh6 39.
Rh7# 1-0

[Event "Dortmunder SV 1 - SV Recklinghausen-Süd"]
[Site "Verbandsliga - Gr. 2 2019/202"]
[Date "2021.07.18"]
[Round "8.1"]
[White "Herud, Martin"]
[Black "Wichtrup, Jan-Louis"]
[Result "0-1"]
[WhiteElo "2050"]
[BlackElo "2096"]
[PlyCount "64"]
[EventDate "2021.??.??"]
[WhiteTeam "SV Recklinghausen-Süd 1"]
[BlackTeam "Dortmunder SV 1"]

1. e4 e5 2. Nf3 Nc6 3. Bc4 Bc5 4. c3 Nf6 5. d4 exd4 6. b4 Be7 7. e5 Ne4 8. cxd4
Bxb4+ 9. Nbd2 d5 10. exd6 Nxd6 11. O-O O-O 12. Bb2 Nxc4 13. Nxc4 Be6 14. Ne3
Bd5 15. Ne5 f6 16. Nxd5 Qxd5 17. Nxc6 bxc6 18. Qa4 Bd6 19. Rac1 Qb5 20. Qc2
Rab8 21. Ba1 Qd5 22. Qxc6 Qxa2 23. Rc2 Qb3 24. Rc3 Qb5 25. Qe4 Bxh2+ 26. Kxh2
Qxf1 27. Rxc7 Qxf2 28. d5 Qd2 29. Rxa7 Qh6+ 30. Kg1 Rfe8 31. Qc2 Re1+ 32. Kf2
Qe3# 0-1

[Event "Dortmunder SV 1 - SV Recklinghausen-Süd"]
[Site "Verbandsliga - Gr. 2 2019/202"]
[Date "2021.07.18"]
[Round "8.2"]
[White "Zeldin, Leonid"]
[Black "Callenberg, Ralf"]
[Result "1/2-1/2"]
[WhiteElo "2060"]
[BlackElo "2028"]
[PlyCount "107"]
[EventDate "2021.??.??"]
[WhiteTeam "Dortmunder SV 1"]
[BlackTeam "SV Recklinghausen-Süd 1"]

1. e4 c5 2. c3 d6 3. d4 Nf6 4. Bd3 Nc6 5. Nf3 Bg4 6. Be3 cxd4 7. cxd4 Qa5+ 8.
Nc3 e5 9. d5 Nd4 10. Bxd4 exd4 11. Qa4+ Qxa4 12. Nxa4 Bd7 13. b3 Be7 14. Nxd4
O-O 15. O-O Bxa4 16. bxa4 Nd7 17. Nf5 Bf6 18. Rac1 Nc5 19. Bb1 Nxa4 20. Nxd6
Nc3 21. Rfe1 Be5 22. Nf5 g6 23. f4 Bf6 24. Nd6 Bd4+ 25. Kf1 b5 26. e5 b4 27.
Be4 Rfd8 28. Bf3 Rab8 29. Rc2 f6 30. Ne4 Nxd5 31. Rd2 Ne3+ 32. Ke2 fxe5 33.
fxe5 Nc4 34. Rc2 Nxe5 35. Rc7 Nxf3 36. gxf3 Rbc8 37. Rec1 Rxc7 38. Rxc7 a5 39.
Rb7 Rc8 40. Kd3 Be5 41. h4 Rc1 42. Ra7 Ra1 43. Rxa5 b3 44. Rxe5 bxa2 45. Nc3
Rd1+ 46. Nxd1 a1=Q 47. Nc3 Qf1+ 48. Ke3 Qe1+ 49. Ne2 Qxh4 50. Re4 Qe1 51. Kf4
Qd2+ 52. Kg3 g5 53. Kg4 h6 54. Nd4 1/2-1/2

[Event "Dortmunder SV 1 - SV Recklinghausen-Süd"]
[Site "Verbandsliga - Gr. 2 2019/202"]
[Date "2021.07.18"]
[Round "8.3"]
[White "Mecklenburg, Roland"]
[Black "Mallee, Ralph"]
[Result "1/2-1/2"]
[WhiteElo "1965"]
[BlackElo "2076"]
[PlyCount "64"]
[EventDate "2021.??.??"]
[WhiteTeam "SV Recklinghausen-Süd 1"]
[BlackTeam "Dortmunder SV 1"]

1. e4 e5 2. Nf3 Nc6 3. d4 exd4 4. Nxd4 Qf6 5. Be3 Bc5 6. Nb5 Bxe3 7. fxe3 Qd8
8. N1c3 a6 9. Nd4 d6 10. Bc4 Ne5 11. Be2 Nf6 12. Nf3 Nfg4 13. Qd2 Nxf3+ 14.
Bxf3 Ne5 15. O-O-O O-O 16. Nd5 Be6 17. Nf4 a5 18. Kb1 Qd7 19. Qd4 Rfd8 20. Be2
b5 21. Qd2 b4 22. b3 a4 23. Nd3 axb3 24. cxb3 Nc6 25. Rc1 Rdb8 26. Rhd1 Qe8 27.
Qc2 Rb6 28. Nf4 Ra3 29. Rd2 Ne5 30. Qxc7 Bxb3 31. Qc8 Ba4 32. Qxe8+ Bxe8
1/2-1/2

[Event "Dortmunder SV 1 - SV Recklinghausen-Süd"]
[Site "Verbandsliga - Gr. 2 2019/202"]
[Date "2021.07.18"]
[Round "8.4"]
[White "Huettemann, Karl-Heinz"]
[Black "Hajra, Hetem"]
[Result "1-0"]
[WhiteElo "1957"]
[BlackElo "1892"]
[PlyCount "67"]
[EventDate "2021.??.??"]
[WhiteTeam "Dortmunder SV 1"]
[BlackTeam "SV Recklinghausen-Süd 1"]

1. c4 c5 2. Nf3 g6 3. d4 cxd4 4. Nxd4 Bg7 5. e4 Qb6 6. Nb3 d6 7. Be3 Qc7 8. Nc3
Nf6 9. Be2 b6 10. f3 O-O 11. Rc1 Bb7 12. O-O Nc6 13. Qd2 Ne5 14. Nd5 Qd8 15.
Nd4 Qd7 16. Rfd1 Rfc8 17. b3 Ba6 18. a4 Kf8 19. a5 Nxd5 20. exd5 Qc7 21. f4 Nd7
22. Bg4 Bxd4 23. Qxd4 Kg8 24. axb6 axb6 25. f5 Ne5 26. fxg6 hxg6 27. Bxc8 Bxc8
28. Qxb6 Qd7 29. Bd4 Ra2 30. Bxe5 dxe5 31. Qe3 Qg4 32. Rd2 Ra3 33. h3 Qh5 34.
Qc5 1-0

[Event "Dortmunder SV 1 - SV Recklinghausen-Süd"]
[Site "Verbandsliga - Gr. 2 2019/202"]
[Date "2021.07.18"]
[Round "8.5"]
[White "Parado, Dominador"]
[Black "Wolff, Torsten"]
[Result "1-0"]
[WhiteElo "1892"]
[BlackElo "1876"]
[PlyCount "47"]
[EventDate "2021.??.??"]
[WhiteTeam "SV Recklinghausen-Süd 1"]
[BlackTeam "Dortmunder SV 1"]

1. Nf3 c5 2. c4 Nc6 3. Nc3 d6 4. g3 g6 5. Bg2 Bg7 6. O-O Nf6 7. d4 cxd4 8. Nxd4
Bd7 9. h3 O-O 10. Nc2 Qc8 11. Kh2 Re8 12. e4 Na5 13. b3 Nxe4 14. Nxe4 Bxa1 15.
Nxa1 Rb8 16. Qd2 Nc6 17. Qh6 f6 18. Bb2 Ne5 19. f4 Nf7 20. Qh4 Be6 21. Nxf6+
exf6 22. Qxf6 Kf8 23. Re1 a6 24. Bd5 1-0

[Event "Dortmunder SV 1 - SV Recklinghausen-Süd"]
[Site "Verbandsliga - Gr. 2 2019/202"]
[Date "2021.07.18"]
[Round "8.6"]
[White "Lanwehr, Klaus"]
[Black "Stahlhofen, Thomas"]
[Result "1-0"]
[WhiteElo "1728"]
[BlackElo "1820"]
[PlyCount "137"]
[EventDate "2021.??.??"]
[WhiteTeam "Dortmunder SV 1"]
[BlackTeam "SV Recklinghausen-Süd 1"]

1. d4 Nf6 2. c4 g6 3. Nc3 d5 4. cxd5 Nxd5 5. e4 Nxc3 6. bxc3 Bg7 7. Be3 O-O 8.
Bc4 c5 9. Ne2 Nc6 10. O-O Bg4 11. f3 Bd7 12. Qd2 Qa5 13. Rab1 cxd4 14. Nxd4 Ne5
15. Bd5 e6 16. Bb3 Rac8 17. Ne2 Bb5 18. Rfd1 Rfd8 19. Bd4 Nc4 20. Qg5 e5 21.
Bf2 h6 22. Qe7 Rxd1+ 23. Rxd1 Qc7 24. Qxc7 Rxc7 25. a4 Ba6 26. Bxa7 b6 27. Rd8+
Kh7 28. Bb8 Rb7 29. Kf2 Bf6 30. Rc8 Na5 31. Bd5 Rd7 32. Rc7 Rxc7 33. Bxc7 Kg7
34. Bxb6 Nc4 35. Bxc4 Bxc4 36. a5 Be7 37. Ng3 Kf6 38. Nf1 Ke6 39. Ne3 Ba6 40.
Nd5 Bd6 41. Nb4 Bb5 42. a6 Bxb4 43. a7 Bc5+ 44. Bxc5 Bc6 45. g4 f5 46. exf5+
gxf5 47. gxf5+ Kxf5 48. Ke3 h5 49. Be7 Ke6 50. Bg5 Kd5 51. h4 Kc4 52. Bf6 Kxc3
53. Bxe5+ Kc4 54. f4 Kd5 55. Kd3 Bb7 56. Kc3 Kc5 57. f5 Kd5 58. f6 Ke6 59. Kd4
Kd7 60. Kc5 Bh1 61. Bd6 Ke6 62. Be7 Kd7 63. Kd4 Ke6 64. Ke3 Kf7 65. Kf4 Ke6 66.
Kg5 Bf3 67. Kg6 Kd7 68. f7 Be4+ 69. Kg7 1-0

[Event "Dortmunder SV 1 - SV Recklinghausen-Süd"]
[Site "Verbandsliga - Gr. 2 2019/202"]
[Date "2021.07.18"]
[Round "8.7"]
[White "Komossa, Julian"]
[Black "Kumler, Steffen"]
[Result "0-1"]
[WhiteElo "1404"]
[BlackElo "1696"]
[PlyCount "120"]
[EventDate "2021.??.??"]
[WhiteTeam "SV Recklinghausen-Süd 1"]
[BlackTeam "Dortmunder SV 1"]

1. e4 c6 2. d4 d5 3. exd5 cxd5 4. c4 Nf6 5. Nc3 e6 6. Nf3 Be7 7. Bf4 Qa5 8. Rc1
Ne4 9. a3 Nxc3 10. Rxc3 Bxa3 11. Bd2 Bb4 12. Ra3 Bxd2+ 13. Nxd2 Qc7 14. Bd3 Nc6
15. Qg4 O-O 16. Bxh7+ Kxh7 17. Rh3+ Kg8 18. Qh5 f5 19. Nf3 Qa5+ 20. Ke2 Nxd4+
21. Nxd4 Qd8 22. Nf3 Qf6 23. Qh7+ Kf7 24. Qh5+ Ke7 25. Rd1 dxc4 26. Nd4 Bd7 27.
Re3 g6 28. Qf3 Rab8 29. Qd5 Rfd8 30. Qxc4 b5 31. Qc5+ Ke8 32. Nxe6 Bxe6 33.
Qc6+ Kf7 34. Rxd8 Rxd8 35. Qxb5 Qd4 36. Rd3 Qxd3+ 37. Qxd3 Rxd3 38. Kxd3 Bd5
39. g3 Ke6 40. f4 Bf3 41. Kd4 Kd6 42. Ke3 Bg4 43. Kd4 a6 44. b4 Kc6 45. Ke5 Kb5
46. Kf6 Bh5 47. h3 Kxb4 48. Kg5 a5 49. g4 fxg4 50. hxg4 Bxg4 51. Kxg4 a4 52.
Kg5 a3 53. Kxg6 a2 54. f5 a1=Q 55. f6 Qg1+ 56. Kf7 Kc5 57. Kf8 Kd6 58. f7 Ke6
59. Ke8 Qg6 60. Kf8 Qxf7# 0-1

[Event "Dortmunder SV 1 - SV Recklinghausen-Süd"]
[Site "Verbandsliga - Gr. 2 2019/202"]
[Date "2021.07.18"]
[Round "8.8"]
[White "Haneberg, Alexander"]
[Black "Nguyen, Heinrich"]
[Result "1-0"]
[WhiteElo "1702"]
[BlackElo "1162"]
[PlyCount "79"]
[EventDate "2021.??.??"]
[WhiteTeam "Dortmunder SV 1"]
[BlackTeam "SV Recklinghausen-Süd 1"]

1. Nf3 d5 2. d4 e6 3. Bf4 Nf6 4. e3 Nbd7 5. c4 c6 6. Nc3 Be7 7. Be2 dxc4 8.
Bxc4 b5 9. Bd3 a6 10. h3 O-O 11. g4 c5 12. Rg1 Bb7 13. Ne5 Nd5 14. Nxd5 Bxd5
15. Qc2 h6 16. Nxd7 Qxd7 17. dxc5 Rac8 18. b4 a5 19. a3 Ra8 20. Rd1 Qb7 21. e4
Bc6 22. g5 h5 23. g6 fxg6 24. Be3 axb4 25. axb4 Ra4 26. Qb3 Bd7 27. Rxg6 Qa6
28. Bd4 Bf6 29. Bxf6 Rxf6 30. Rxf6 gxf6 31. Be2 Bc8 32. Qg3+ Kh7 33. Bxh5 Ra1
34. Qg6+ Kh8 35. Qxf6+ Kh7 36. Rxa1 Qb7 37. Qg6+ Kh8 38. Rd1 Qc7 39. Qf6+ Kg8
40. Rd8+ 1-0

[Event "SF Essen-Katernberg  3 - SC Buer-Hassel"]
[Site "Verbandsliga - Gr. 2 2019/202"]
[Date "2021.07.18"]
[Round "8.1"]
[White "Griebl, Joern"]
[Black "Rosen, Willy"]
[Result "1-0"]
[WhiteElo "2161"]
[BlackElo "2118"]
[PlyCount "147"]
[EventDate "2021.??.??"]
[WhiteTeam "SC Buer-Hassel 1"]
[BlackTeam "SF Essen-Katernberg  3"]

1. d4 Nf6 2. c4 e6 3. Nc3 Bb4 4. Nf3 Bxc3+ 5. bxc3 d6 6. Bg5 h6 7. Bh4 Nbd7 8.
e3 e5 9. Qc2 c5 10. Be2 Qe7 11. O-O g5 12. Bg3 Nh5 13. Nd2 Nxg3 14. fxg3 Nf6
15. Rf2 exd4 16. exd4 Ng4 17. Bxg4 Bxg4 18. Qe4 Bh5 19. Re1 Qxe4 20. Nxe4 O-O-O
21. Rf6 Kc7 22. dxc5 dxc5 23. Nxc5 Kb8 24. g4 Bg6 25. Re7 Rd1+ 26. Kf2 Rb1 27.
Nd7+ Kc8 28. Ne5 Rb2+ 29. Kg3 Rxa2 30. Nxf7 Bxf7 31. Rfxf7 Rb2 32. c5 Rb3 33.
Rf3 Kb8 34. h4 a5 35. h5 a4 36. Re4 a3 37. Ra4 Rc8 38. c4 Rb2 39. Raxa3 Rxc5
40. Rac3 Kc7 41. Rf7+ Kb6 42. Rf6+ Rc6 43. Rf5 Re6 44. Kf3 Ree2 45. c5+ Kc6 46.
Rf6+ Kc7 47. Rxh6 Rxg2 48. Rg6 Rbf2+ 49. Ke3 Re2+ 50. Kd3 Rd2+ 51. Ke4 Rxg4+
52. Kf5 Rdg2 53. Rf3 Rc4 54. Rg7+ Kc6 55. Kg6 Rh4 56. Rf6+ Kxc5 57. Rxb7 g4 58.
Rf5+ Kc4 59. Rf4+ Kd5 60. Rb5+ Kc6 61. Rg5 Rgh2 62. Rfxg4 R4h3 63. Rf4 Kd6 64.
Rf6+ Ke7 65. Re5+ Kd7 66. Ra5 Ke8 67. Ra8+ Ke7 68. Ra7+ Ke8 69. Rb6 Rg2+ 70.
Kh6 Rd3 71. Kh7 Rd7+ 72. Rxd7 Kxd7 73. Rg6 Rh2 74. h6 1-0

[Event "SF Essen-Katernberg  3 - SC Buer-Hassel"]
[Site "Verbandsliga - Gr. 2 2019/202"]
[Date "2021.07.18"]
[Round "8.2"]
[White "Krueger, Erich"]
[Black "Wolff, Christoph"]
[Result "1-0"]
[WhiteElo "1974"]
[BlackElo "1992"]
[PlyCount "73"]
[EventDate "2021.??.??"]
[WhiteTeam "SF Essen-Katernberg  3"]
[BlackTeam "SC Buer-Hassel 1"]

1. d4 Nf6 2. c4 g6 3. Nc3 d5 4. cxd5 Nxd5 5. Bd2 Bg7 6. e4 Nxc3 7. Bxc3 O-O 8.
Qd2 Nd7 9. Rd1 Nf6 10. Qc2 c5 11. d5 Qc7 12. Be2 Rd8 13. Bf3 Bg4 14. Bxg4 Nxg4
15. Bxg7 Kxg7 16. Qc3+ Kg8 17. Nf3 Nf6 18. Nd2 Qf4 19. g3 Qg4 20. f3 Qh3 21.
Qxc5 Nh5 22. Kf2 e6 23. d6 Rac8 24. Qd4 Rc2 25. e5 Ng7 26. g4 h5 27. Rhg1 hxg4
28. fxg4 Qxh2+ 29. Rg2 Qh4+ 30. Kg1 Qh3 31. Qf4 Qd3 32. Rf1 Rd7 33. Rh2 Rc6 34.
Ne4 Qd4+ 35. Rhf2 Nf5 36. Nf6+ Kg7 37. Qxd4 1-0

[Event "SF Essen-Katernberg  3 - SC Buer-Hassel"]
[Site "Verbandsliga - Gr. 2 2019/202"]
[Date "2021.07.18"]
[Round "8.3"]
[White "Hammerich, Simon"]
[Black "Nautsch, Werner"]
[Result "1-0"]
[WhiteElo "2058"]
[BlackElo "1950"]
[PlyCount "85"]
[EventDate "2021.??.??"]
[WhiteTeam "SC Buer-Hassel 1"]
[BlackTeam "SF Essen-Katernberg  3"]

1. c4 g6 2. Nc3 Bg7 3. e4 d6 4. d4 Nc6 5. d5 Nd4 6. Be3 c5 7. Nge2 Nxe2 8. Bxe2
Nf6 9. O-O O-O 10. f4 Qb6 11. Rb1 Bd7 12. Kh1 Qc7 13. g4 e6 14. g5 Ne8 15. Bg4
Bxc3 16. bxc3 Ng7 17. Bf3 Rab8 18. Qd2 exd5 19. cxd5 b5 20. h4 a5 21. h5 Bh3
22. Rfc1 Qe7 23. Kh2 Bd7 24. h6 Ne8 25. Re1 f6 26. f5 gxf5 27. gxf6 Nxf6 28. e5
Ng4+ 29. Bxg4 fxg4 30. Bg5 Qf7 31. e6 Qh5+ 32. Kg1 Be8 33. Be7 Rf5 34. Rbd1 Rb6
35. Rf1 Bg6 36. Rxf5 Bxf5 37. Rf1 Rb8 38. Qf4 g3 39. Qg5+ Qxg5 40. Bxg5 Be4 41.
Rf7 Rf8 42. Rg7+ Kh8 43. e7 1-0

[Event "SF Essen-Katernberg  3 - SC Buer-Hassel"]
[Site "Verbandsliga - Gr. 2 2019/202"]
[Date "2021.07.18"]
[Round "8.4"]
[White "Stremmel, Ralf"]
[Black "Wiechen, Ulrich"]
[Result "1-0"]
[WhiteElo "2052"]
[BlackElo "1942"]
[PlyCount "65"]
[EventDate "2021.??.??"]
[WhiteTeam "SF Essen-Katernberg  3"]
[BlackTeam "SC Buer-Hassel 1"]

1. e4 e6 2. d4 d5 3. e5 c5 4. Nf3 Nc6 5. dxc5 Bxc5 6. Bd3 Nge7 7. Bf4 Qb6 8.
O-O Ng6 9. Bg3 Qxb2 10. Nbd2 Qb6 11. c3 Bd7 12. Nb3 Be7 13. Rb1 Qc7 14. Qe2 a6
15. Rfc1 b5 16. Nbd4 Na5 17. h4 Ba3 18. Rc2 Nc4 19. Ng5 Be7 20. Re1 Bxg5 21.
hxg5 Ne7 22. Qf3 Na3 23. Rcc1 Rc8 24. Ne2 Bc6 25. Qh5 Nf5 26. Bxf5 exf5 27. e6
Qe7 28. exf7+ Qxf7 29. Nd4+ Kf8 30. Bd6+ Kg8 31. Qxf7+ Kxf7 32. Bxa3 Rhe8 33.
Nxf5 1-0

[Event "SF Essen-Katernberg  3 - SC Buer-Hassel"]
[Site "Verbandsliga - Gr. 2 2019/202"]
[Date "2021.07.18"]
[Round "8.5"]
[White "Hirschberg, Markus"]
[Black "Gallas, Noel"]
[Result "0-1"]
[WhiteElo "1821"]
[BlackElo "1943"]
[PlyCount "120"]
[EventDate "2021.??.??"]
[WhiteTeam "SC Buer-Hassel 1"]
[BlackTeam "SF Essen-Katernberg  3"]

1. e4 e6 2. d4 d5 3. Nc3 Nf6 4. Bg5 Bb4 5. e5 h6 6. Bd2 Bxc3 7. Bxc3 Ne4 8. Qg4
Qg5 9. Qxg5 hxg5 10. Bd3 Nxc3 11. bxc3 Nd7 12. Ne2 c5 13. Bb5 a6 14. Bxd7+ Bxd7
15. Kd2 Rc8 16. h3 Ke7 17. a4 Rh4 18. g3 Rh6 19. f4 gxf4 20. Nxf4 cxd4 21. cxd4
Rc4 22. c3 Rxa4 23. Rxa4 Bxa4 24. Nd3 Bb5 25. Nf2 Rh8 26. h4 Bc4 27. h5 a5 28.
g4 f6 29. Nh3 Kf7 30. Nf4 a4 31. Re1 Rh6 32. Ra1 Bb5 33. Kc2 Bc6 34. Kb2 Rh8
35. Ka3 Rc8 36. Rb1 b5 37. Nd3 g6 38. Rf1 f5 39. gxf5 exf5 40. hxg6+ Kxg6 41.
e6 Kf6 42. Nc5 Rh8 43. Re1 Ke7 44. Rf1 Kf6 45. Re1 Rh7 46. Kb4 Re7 47. Ka5 f4
48. Kb6 Be8 49. Rf1 Kg5 50. Nd3 Rxe6+ 51. Kc5 Rc6+ 52. Kxd5 Rxc3 53. Nxf4 b4
54. Ne2 Re3 55. Rg1+ Kf6 56. Rf1+ Ke7 57. Nf4 Bf7+ 58. Kc5 b3 59. d5 b2 60. Rb1
a3 0-1

[Event "SF Essen-Katernberg  3 - SC Buer-Hassel"]
[Site "Verbandsliga - Gr. 2 2019/202"]
[Date "2021.07.18"]
[Round "8.6"]
[White "Geerlings, Gerd"]
[Black "Lazarev, Vadim"]
[Result "1-0"]
[WhiteElo "2018"]
[BlackElo "1821"]
[PlyCount "111"]
[EventDate "2021.??.??"]
[WhiteTeam "SF Essen-Katernberg  3"]
[BlackTeam "SC Buer-Hassel 1"]

1. Nf3 Nf6 2. c4 e6 3. g3 d5 4. Bg2 Be7 5. O-O O-O 6. b3 b6 7. Bb2 Bb7 8. d4
Nbd7 9. Nc3 c5 10. cxd5 Nxd5 11. Re1 cxd4 12. Nxd4 Nxc3 13. Bxc3 Bxg2 14. Kxg2
Nc5 15. Nc6 Qc7 16. Nxe7+ Qxe7 17. Qd4 f6 18. Bb4 Qb7+ 19. f3 Rfd8 20. Qe3 Qe7
21. Bxc5 bxc5 22. Rac1 Rd5 23. Rc4 Rad8 24. Rec1 Re5 25. Re4 Rdd5 26. Rc2 Qd6
27. Rxe5 Rxe5 28. Qc3 Qd4 29. Qxd4 cxd4 30. Rc8+ Kf7 31. Rc7+ Kg6 32. Kf2 a5
33. Rd7 Rh5 34. h4 Rd5 35. Rxd5 exd5 36. Ke1 Kf5 37. Kd2 h5 38. Kd3 g5 39. a3
Ke5 40. b4 axb4 41. axb4 gxh4 42. gxh4 f5 43. b5 f4 44. b6 Kd6 45. Kxd4 Kc6 46.
b7 Kxb7 47. Kxd5 Kc7 48. Ke4 Kd6 49. Kxf4 Ke6 50. e4 Kf6 51. e5+ Kg6 52. Ke4
Kf7 53. Kf5 Ke7 54. e6 Ke8 55. Kf6 Kf8 56. e7+ 1-0